000 01187cam a2200277 4500
001 ABS68148
008 040903n2004 000 0 eng u
035 _a(Sirsi) u127259
100 _aWatchman, J.
245 _aRights of appeal in planning
260 _c2004
490 _aScottish Planning and Environmental Law
_v(104) August 2004, 82-85(4)
520 _aSecond in the series of two articles looking at the Scottish Executive consultation paper "Rights to appeal in planning" and the related regulatory impact assessment. Looks at the impact the proposed introduction of third party rights of appeal would have on development plans and considers how it would help restore public confidence in the planning system. References. (See also Abs67952). View consultation paper at www.scotlandgov.uk/consultations.
590 _aABS
590 _aABS
650 _aSCOTLAND
650 _aPLANNING PROCEDURE
650 _aPLANNING APPEALS
650 _aRIGHTS OF APPEAL
650 _aPLANNING AUTHORITIES
650 _aPLANNING PERMISSION
650 _aTHIRD PARTY RIGHT OF APPEAL
650 _aCONSULTATION PAPERS
690 _aPLANNING-PLANNING LAW
942 _n0
999 _c117951
_d117951